Eficàcia de l'orientació professional / J. Ruiz Castellà
Descripción Física:
6 p. ; 28 cm
Otros Autores:
Conférence Internationale de Psycothechnique Appliquée à l'Orientation Professinnelle (3a : 1923 : Milan)
Materias:
Orientació professional -- Congressos
MARC
| LEADER | 00000nam a2200000Ia 4500 | ||
|---|---|---|---|
| 001 | 22852 | ||
| 008 | 160829s1923 xx 000 0 cat d | ||
| 080 | |a RF-16-14 | ||
| 100 | |a Ruiz i Castellà, Josep |9 26878 | ||
| 245 | |a Eficàcia de l'orientació professional / J. Ruiz Castellà | ||
| 260 | |a Milan : |b Cooperativa Gráfica Degli Operai, |c 1923 | ||
| 300 | |a 6 p. ; |c 28 cm | ||
| 590 | |a A la part superior del títol: Compte-Rendu de la IIIème Conférence Internationale de Psycothechnique Appliquée à l'Orientation Professinnelle. Milan, 2-3-4 octobre 1922 (publié par la Società Umanitaria). | ||
| 590 | |a Prové de 3754, exp. 5 | ||
| 650 | |a Orientació professional |x Congressos |9 32069 | ||
| 700 | |a Conférence Internationale de Psycothechnique Appliquée à l'Orientation Professinnelle (3a : 1923 : Milan) |9 47843 | ||
| 856 | 4 | |u https://media.diba.cat/diba/fitxers/arxiu/fulletons/bib_22852_1923_baixa.pdf |y Accés lliure | |
| 856 | 4 | |u https://media.diba.cat/diba/fitxers/arxiu/fulletons/bib_22852_1923_baixa.pdf |y Accés lliure | |
| 901 | |a Arxiu | ||
| 942 | |n 1 |2 udc | ||
| 952 | |0 0 |1 0 |4 0 |6 RF1614 |7 1 |9 54150 |a Arxiu |b Arxiu |d 2016-12-01 |l 0 |o RF-16-14 |p 22852 |r 2016-12-01 00:00:00 |w 2016-12-01 |y ARXIU | ||
| 999 | |c 58019 |d 58019 | ||
| 900 | |a bib_22852_1923_baixa.pdf | ||